| 000 | 00706nam0a22002291 4500 | ||
|---|---|---|---|
| 001 | rc\2693689 | ||
| 005 | 20250623163548.0 | ||
| 035 | _a(NLR Aleph) 006821902 | ||
| 090 |
_a6452644 _c6452644 |
||
| 100 | _a20110915d1933 |||y0rusy50 ca | ||
| 101 | 0 | _arus | |
| 102 | _aRU | ||
| 105 | _ay z ||||| | ||
| 200 | 1 |
_aЖизнь и деятельность Маркса _e(Метод. разработка) _fСоставил: С. Элбакян |
|
| 210 |
_aТифлис _cГосиздат Грузии, Партотдел _d1933 |
||
| 215 |
_a15 с. _d23 см. |
||
| 700 | 1 |
_aЭлбакян _bС. |
|
| 801 | 0 |
_aRU _bNLR _gpsbo |
|
| 801 | 1 |
_aRU _bELAR _2rusmarc |
|
| 852 |
_aNLR _j34-11/785 |
||
| 942 | _cBOOK | ||
| 980 | _aNB | ||